Loading...
| Literature - British Literature | 0 | 6 | 0 | 2 | 60 | 52 | 88.67 | 2 | 4 |
| Social Science | 0 | 5 | 0 | 1 | 50 | 43 | 78.20 | 2 | 2 |
| Literature - European Literature | 0 | 5 | 0 | 0 | 50 | 41 | 79.20 | 3 | 4 |
| Science - Other Science | 0 | 4 | 0 | 1 | 40 | 41 | 75.00 | 1 | 2 |
| Literature - American Literature | 0 | 4 | 0 | 1 | 40 | 50 | 82.00 | 1 | 3 |
| Fine Arts - Classical Music | 0 | 4 | 0 | 0 | 40 | 49 | 79.50 | 1 | 3 |
| Religion | 0 | 4 | 1 | 2 | 35 | 35 | 89.75 | 2 | 2 |
| Science - Physics | 0 | 4 | 1 | 0 | 35 | 74 | 85.00 | 1 | 2 |
| Fine Arts - Visual Fine Arts | 0 | 4 | 1 | 0 | 35 | 66 | 77.50 | 2 | 4 |
| Literature - World/Other Literature | 0 | 4 | 1 | 1 | 35 | 72 | 87.25 | 1 | 4 |
| Fine Arts - Other Fine Arts | 0 | 4 | 2 | 1 | 30 | 88 | 114.25 | 0 | 1 |
| Science - Chemistry | 0 | 2 | 0 | 0 | 20 | 60 | 78.50 | 0 | 2 |
| Science - Biology | 0 | 2 | 1 | 0 | 15 | 63 | 72.50 | 0 | 1 |
| Mythology | 0 | 2 | 2 | 0 | 10 | 59 | 77.00 | 1 | 2 |
| History - European History | 0 | 1 | 0 | 0 | 10 | 61 | 61.00 | 0 | 0 |
| History - Other History | 0 | 1 | 0 | 0 | 10 | 86 | 86.00 | 0 | 0 |
| History - World History | 0 | 1 | 0 | 0 | 10 | 134 | 134.00 | 0 | 0 |
| History - American History | 0 | 1 | 0 | 0 | 10 | 72 | 72.00 | 0 | 1 |
| Philosophy | 0 | 2 | 2 | 0 | 10 | 57 | 67.50 | 1 | 2 |